| 000 | 00689nam a2200217 i 4500 | ||
|---|---|---|---|
| 001 | bgj | ||
| 100 | 1 | _aWAGNER, Richard. | |
| 245 | 1 | 0 |
_aRienzi : _bder letzte der Tribunen ; grosse tragische Oper in fünf Aufzügen (nach Bulwers gleichnamigen Roman) / _cvon Richard Wagner ; hrsg. und eingeleitet von Georg Richard Kruse. |
| 260 |
_aLeipzig : _bPhilipp Reclam jun. |
||
| 300 |
_a80 s. ; _c16 cm. |
||
| 490 | 1 |
_aReclams Universal Bibliothek _v5645 |
|
| 650 | 9 | _aSztuka | |
| 700 | 1 | _aKRUSE, Georg Richard. | |
| 830 | _aReclams Universal Bibliothek | ||
| 040 | _cBPK | ||
| 041 | 0 | _ager | |
| 044 | _aDEU | ||
| 080 | _a7 | ||
| 942 | _cKS | ||
| 008 | s gw f |000 0 ger | ||
| 999 |
_c49528 _d49528 |
||
| 856 |
_uhttp://koha.tu.koszalin.pl/cgi-bin/koha/opac-detail.pl?biblionumber=49528 _yKatalog online BPK |
||